00426nam a2200121Ia 4500008004100000082002100041100003200062245005100094260003700145300001000182630001800192650009400210211122s9999||||xx |||||||||||||| ||und|| a894.81207bGUR-M aGuru Nitya Chaitanya Yati,  0aMaxim Gorkiyum Russian Sahithyavum Oru Patanam bNarayana GurukulaaVarkalac2000 a182p. xGeneral Stack aMalayalam LiteraturevResearch in Malayalam LiteratureMalayalam Literary StudiesGeneralia